000
00485nam a2200145Ia 4500
008
090122s9999 xx 000 0 und d
082
_b
9532
100
_a
तासगावकर
_b
शशिकांत
245
_a
घराणं तमासगिराचं
600
_a
तासगावकर
630
_a
घराणं तमासगिराचं
700
_a
तासगावकर
730
_a
घराणं तमासगिराचं
942
_c
BOOK
999
_c
33609
_d
33609